000 00347nam a2200157Ia 4500
100 _aSchwartz/Mischa
650 _aWireless
942 _cBK
366 _f25
654 _amobile
245 _aMobile Wireless communications
260 _bCambride University press
_c2005
082 _a621.382
_bSCH
300 _a457
546 _aENGLISH
_cTTL
999 _c19255
_d19255